01015nam a22002413a 450000100060000000300080000600500170001400800410003103500190007204000340009104100080012508200200013310000310015324501730018426000310035730000210038850001160040965000340052570000490055994200120060899900170062095201360063731305BD-RjUL20211209051702.0140415s1909 enk 000 0 eng d a(BD-RjUL)31392 aUkOxU bengcUkOxU dBD-RjUL  aeng 4a200bRAR [1909]1 aRapp, Adolf,d1880-99526614aThe religion and the customs of the Persians and other Iranians:bas described by the Grecian and Roman authors /ctranslated from the German of Adolf Rapp by K.R. Cama a[S.l.] :b[s.n.],c[1909]  a24 p. ;c18 cm.. a"Introduction about the authorities" -- p.1. suggests this is a translation of the first part of a larger work. 0aIranxReligionyTo 6409952671 aCama, Kharshedji Rustamji,d1831-1909995268 2ddccBK c31305d31305 00102ddc4071aRUCLbRUCLcReadingd1966-10-05eA. I Quraishig10.05l0o200 RAR [1909]r2014-04-15 00:00:00tC-1w2014-04-15yBK